PRACTICAL PHYSICS (Record no. 6495)
[ view plain ]
| 000 -LEADER | |
|---|---|
| fixed length control field | 00443nam a2200169Ia 4500 |
| 003 - CONTROL NUMBER IDENTIFIER | |
| control field | SGT |
| 020 ## - INTERNATIONAL STANDARD BOOK NUMBER | |
| International Standard Book Number | 9789351402442 |
| 082 ## - DEWEY DECIMAL CLASSIFICATION NUMBER | |
| Classification number | 530,GUP |
| 100 ## - MAIN ENTRY--PERSONAL NAME | |
| Personal name | GUPTA, S.L |
| 245 ## - TITLE STATEMENT | |
| Title | PRACTICAL PHYSICS |
| 250 ## - EDITION STATEMENT | |
| Edition statement | 22ND |
| 260 ## - PUBLICATION, DISTRIBUTION, ETC. (IMPRINT) | |
| Name of publisher, distributor, etc | Pragati Prakashan |
| Place of publication, distribution, etc | New Delhi |
| Year of Publication | 2014 |
| 300 ## - PAGE DESCRIPTION | |
| No. of Pages | V.p. |
| 650 ## - SUBJECT ADDED ENTRY--TOPICAL TERM | |
| Topical term or geographic name as entry element | PRACTICAL PHYSICS, PHYSICS |
| 653 ## - KEYWORDS--INDEX TERM | |
| Keyword term | PROPERTIES OF MATTER (MECHANICS), SOUND, HEAT, LIGHT, ELECTRICITY, ELECTRONICS, |
| 942 ## - ADDED ENTRY ELEMENTS (KOHA) | |
| Source of classification or shelving scheme | Dewey Decimal Classification |
| Koha item type | FPS Books |
| Withdrawn status | Lost status | Source of classification or shelving scheme | Damaged status | Not for loan | Collection code | Home library | Current library | Shelving location | Date acquired | Vendor Name | Cost, normal purchase price | SGTU | Bill Number | Total Checkouts | Full call number | Accession No. (Barcode) | Date last seen | Date last borrowed | Bill Date | Koha item type |
|---|---|---|---|---|---|---|---|---|---|---|---|---|---|---|---|---|---|---|---|---|
| Dewey Decimal Classification | SCIENCE | SGT Science & Social Sciences Library | SGT Science & Social Sciences Library | Text Book | 25/11/2014 | SPARSH BOOK | 335.00 | SGTU | 1290 | 5 | 530 GUP | PS496 | 14/11/2019 | 01/11/2019 | 25/11/2014 | FPS Books | ||||
| Dewey Decimal Classification | SCIENCE | SGT Science & Social Sciences Library | SGT Science & Social Sciences Library | Text Book | 25/11/2014 | SPARSH BOOK | 335.00 | SGTU | 1290 | 530 GUP | PS497 | 24/03/2015 | 25/11/2014 | FPS Books |